000 00349pab a2200157 454500
008 180718b1997 xxu||||| |||| 00| 0 eng d
100 _aGopalaswami, T.V.
245 _aAccountability need of hour
260 _c1997
300 _ap.41-42
362 _aJul
650 _aEthics
650 _aAccountability
773 _aYojana
909 _a34515
999 _c34515
_d34515